00515nam a2200193 a 4500001001300000003000900013005001700022008004100039020002300080082001400103100002200117245003400139260004300173300000900216500003500225505002400260650001500284700002200299nice12345678IN_TiNIC20260116014023.0111116s2010 lona grp 000 0 eng  a9780415474610c22500a190bRUS4 aRussell, Bertrand aPhilosophy of Logical Atomism aLondon bRoutledge Chapman Hall c2010 a162p aincludes index and biblioraphy2 aBibliography, Index aPhilosophy1 aRussell, Bertrand